| 000 | 00566nam a2200181 i 4500 | ||
|---|---|---|---|
| 001 | 28453 | ||
| 003 | ES-MaACL | ||
| 007 | t| | ||
| 008 | 030117s1963 sp ||||1| spa d | ||
| 100 | 1 |
_aBaena, Antonio Luis. _924581 |
|
| 245 | 1 | 0 |
_aPaso del hombre / _cAntonio Luis Baena. |
| 260 |
_aJerez de la Frontera : _b[s.n., _c1963] ( _fImp. Avila) |
||
| 300 |
_a44 p. ; _c19 cm. |
||
| 490 | 1 |
_aLa Venencia. Grupo Atalaya de Poesía ; _v6 |
|
| 830 | 0 |
_aLa Venencia. Grupo Atalaya de Poesía ; _v6 _9181980 |
|
| 852 |
_aES-MaACL _jE-5119 _bR.53102 |
||
| 999 |
_c28453 _d28453 |
||